|
|
|
|
| LEADER |
01229nam a2200277 a 4500 |
| 001 |
3964 |
| 003 |
BD-DhAAL |
| 005 |
20150513124149.0 |
| 008 |
150513s1994 dcuab f000 0 eng |
| 010 |
|
|
|a 95193945
|
| 020 |
|
|
|a 0891332545
|
| 040 |
|
|
|a DLC
|c DLC
|d BD-DhAAL
|
| 050 |
0 |
0 |
|a E159
|b .N3419 1994
|
| 082 |
0 |
0 |
|a 973/.025
|2 21
|
| 245 |
0 |
0 |
|a National register of historic places, 1966-1994 :
|b cumulative list through January 1, 1994.
|
| 246 |
3 |
|
|a National register
|
| 260 |
|
|
|a Washington, D.C. :
|b National Park Service :
|b The Preservation Press, National Trust for Historic Preservation :
|b National Conference of State Historic Preservation Officers,
|c [1994]
|
| 300 |
|
|
|a xxx, 923 p. :
|b ill., map ;
|c 28 cm.
|
| 541 |
|
|
|e 3964
|
| 650 |
|
0 |
|a Historic sites
|z United States
|x Directories.
|9 11000
|
| 710 |
2 |
|
|a American Association for State and Local History.
|9 11001
|
| 710 |
1 |
|
|a United States.
|b National Park Service.
|9 11002
|
| 710 |
2 |
|
|a National Conference of State Historic Preservation Officeers.
|9 11003
|
| 942 |
|
|
|2 ddc
|c BK
|
| 999 |
|
|
|c 34405
|d 34405
|
| 952 |
|
|
|0 0
|1 0
|2 ddc
|4 0
|6 973_025000000000000_NAT
|7 0
|9 53716
|a SCL
|b SCL
|c GEN
|d 2015-05-13
|e Gift: The Asia Foundation
|l 0
|o 973.025 NAT
|p 3020003964
|r 2015-05-13
|t 1
|w 2015-05-13
|y BK
|